000 00318nam a2200121Ia 4500
008 220204s9999 xx 000 0 und d
082 _a339.1
_bSAV
100 _aSAVAIKO, Bernard C
245 0 _aTrading in soft commodity futures
260 _aNew York
_bJohn Wiley
_c1986
650 _aCommodity exchanges
942 _cBK
999 _c39490
_d39490